Microsoft Access 2000 lập trình ứng dụng cơ sở dữ liệu T.2 T.2

Zapisane w:
Opis bibliograficzny
1. autor: Nguyễn Đình Tê
Format: Książka
Wydane: Giáo dục 2001
Etykiety: Dodaj etykietę
Nie ma etykietki, Dołącz pierwszą etykiete!
Thư viện lưu trữ: Mạng thư viện Đại học Đà Nẵng
LEADER 00722nam a2200229 a 4500
001 000028578
003 10916
005 20171030145630.0
008 171030s2001
020 |c 32000 
040 |a LTT 
082 0 |a 005,7565  |b NG-T 
100 1 |a Nguyễn Đình Tê 
245 0 0 |a Microsoft Access 2000 lập trình ứng dụng cơ sở dữ liệu T.2  |c Nguyễn Đình Tê chủ biên, Nguyễn Ngọc Minh, Nguyễn Anh Tuấn, Phan Thị Thu Hồng, Trương Hải Thụy, Hoàng Đức Hải.  |n T.2 
260 |b Giáo dục  |c 2001 
OWN |a LTT 
999 |a From the UDN01 
TYP |a Monograph 
TYP |a Printed language 
980 |a Mạng thư viện Đại học Đà Nẵng